| 000 | 00396nam a22001457a 4500 | ||
|---|---|---|---|
| 003 | macl | ||
| 005 | 20210905131944.0 | ||
| 008 | 210905b |||||||| |||| 00| 0 eng d | ||
| 040 | _cMACL | ||
| 100 |
_aSingh, Dr. Ashok Kumar _966873 |
||
| 245 | _aA Mirror of Common Errors (Anglo-HIndi) | ||
| 260 |
_aPatan _bObj. Eng. Inst. Res. Center _c2021 |
||
| 650 |
_aEnglish Grammar _95959 |
||
| 942 |
_2ddc _cBK |
||
| 999 |
_c64199 _d64199 |
||